000 00689nam a2200121Ia 4500
008 220620s9999||||xx |||||||||||||| ||und||
100 _aMartin F.-X.Wagner (Ed.)
245 0 _aScientific and Engineering Progress on Aluminum-Based Light-Weight Materials: Research Reports from the German Collaborative Research Center 692
546 _aEnglish[eng]
650 _aCreep||Forming technology||Materials science||Equal-channel angular pressing||Thermal stability||Interfaces||Ultrafine-grained materials||Severe plastic deformation||Precipitation||Mechanics and modeling||Surface engineering||Aluminum-magnesium composites
856 _uhttp://www.mdpi.com/books/pdfview/book/759
942 _cEB
999 _c26408
_d26408